[Event "Rohde op 10th"]
[Site "Sautron"]
[Date "2010.10.30"]
[Round "9"]
[White "Koziak, Vitali"]
[Black "Haub, Thorsten Michael"]
[Result "1-0"]
[WhiteElo "2467"]
[BlackElo "2498"]
[Annotator "Primel,D"]
[PlyCount "69"]
[EventDate "2010.10.23"]
[EventType "swiss"]
[EventRounds "9"]
[EventCountry "FRA"]
[SourceTitle "EXT 2012"]
[Source "ChessBase"]
[SourceDate "2011.11.24"]
[SourceVersion "1"]
[SourceVersionDate "2011.11.24"]
[SourceQuality "1"]

1. e4 g6 2. d4 Bg7 3. Nc3 d6 4. f4 a6 {Une ligne assez risquée mais les noirs
devaient jouer pour le gain dans cette dernière ronde pour finir а 7/9} (4...
Nf6 {La grande ligne}) 5. Nf3 (5. Be3 b5) 5... e6 {[%cal Gg8e7]} (5... b5 $142
{Plus logique mais l'allemand va jouer son hippopotame habituel}) 6. Bd3 Ne7 7.
Be3 b5 8. e5 {suivant toujours la préparation} (8. Qd2) 8... Bb7 9. O-O (9. Ne4
$5 {Reinderman,D (2504)-Haub,T (2469) BL2-West 0607 2006 (8.4) 0-1}) (9. a4 b4
10. Ne4 $14 Nd7 {Reinderman,D (2504)-Haub,T (2469) BL2-West 0607 2006 (8.4) 0-1
}) 9... Nd7 10. a4 b4 11. Ne4 O-O 12. Qe2 $5 $146 {[%csl Ga6] tentative
d'amélioration d'une partie jouée par l'allemand cette année et Qe2 permet
d'éviter l'échange du B de cases blanches par Ba6} (12. Qe1 $143 a5 13. c3 Qb8
14. Bd2 bxc3 15. bxc3 Ba6 $1 {[%csl Ga6] C'est la différence entre les deux
parties} 16. Bxa6 Rxa6 17. Qh4 Nf5 18. Qh3 Qb7 19. Rae1 h5 20. Nfg5 Bh6 21. g4
hxg4 22. Qxg4 Kg7 23. Ng3 Rh8 24. N5e4 Kg8 25. Qf3 Rb6 26. Bc1 Rb3 {Balcerak,J
(2426)-Haub,T (2153)/Germany 2010/Mega2010 Update 25/0-1 (47)}) 12... Qb8 13.
c3 a5 14. Bd2 $14 Bc6 (14... Qa7 $5 {[%cal Gb7a6]}) 15. Rfc1 {[%cal Gc1c6,
Gc3b4]} (15. cxb4 axb4 16. b3 (16. a5 $5)) 15... Qb6 16. Kh1 b3 {[%csl Ra4,Rb2,
Rb3] Une position critique pour les Noirs qui évitent l'ouverture de
l'aile-dame mais le P"b3" peut manquer de soutien. En contrepartie, le P"a4"
est également une faiblesse mais dans la partie, la forte attaque des blancs
va permettre d'avoir le temps de le sacrifier en attaquant а l'aile-roi} (16...
bxc3 {Peut-être un moindre mal mais les Blancs gardent l'avantage.} 17. bxc3
$14 {[%csl Rb6][%cal Ga1b1,Gb6a7,Ga8b8]} d5 (17... Rab8 $143 18. Rcb1 Qa7) 18.
Ng3 {[%cal Gf4f5]} Rab8 19. Rab1) 17. Rf1 $1 {les blancs ne peuvent plus
ouvrir а l'aile-dame et il faut donc changer de plan en passant sur l'autre
aile} Qb8 18. Ra3 $1 {[%csl Ra8,Rb3,Rb8] Contraint la Q noire а défendre la
faiblesse "b3" et elle risque d'être en retard pour défendre l'aile-roi} Nc8 $6
{C'est l'embouteillage des pièces noires} (18... Ra7) 19. h4 $1 {[%csl Ra8,Rb8]
la Q b8 est hors-jeu et il est temps d'attaquer а l'aile-roi} Ne7 20. Kh2 Ra7
$6 {les deux joueurs étaient déjà presque en zeinot mais en crise de temps,
les coups sont plus facile а trouver pour les Blancs.} (20... Nf5 21. g4) (
20... h5 21. Neg5 {[%csl Gg5]}) 21. h5 $36 Bxe4 22. Bxe4 c5 (22... d5 23. Bd3
$40 {[%cal Gf3g5]}) 23. hxg6 hxg6 24. Ng5 {[%csl Rh7]} d5 (24... Bh6 $5) 25.
Bf3 Bh6 26. g4 $1 {[%cal Gf4f5]} Bxg5 $6 $138 {Le B était passif mais la
reprise fg5 va "fixer " l'aile-roi et l'attaque blanche sera irrésistible} 27.
fxg5 {[%csl Gf6,Gg5][%cal Gh2g3,Gf1h1,Ge2h2,Gh2h8] Les P doublés sont
davantage une force qu'une faiblesse dans cette position} Nc6 28. Be3 Kg7 29.
Kg2 (29. Kg3 {[%cal Gd7e5,Gb8g3] les Noirs auront peut-être l'option d'un
sacrifice de N en e5}) 29... Rh8 30. Qf2 $1 {[%csl Ra7,Rb8,Rd7][%cal Gf2f7,
Gf3d5] Les noirs sont quasiment en zugzwang: - La Ra7 ne sert а rien car jouer
Nf8 pour permettre а la Ra7 de protéger "f7" aurait pour contrepartie de ne
plus protéger la case "f6". - La Qb8 est toujours contrainte de défendre la
faiblesse "b"} Rf8 (30... Rh7 $143 {[%cal Gh7f7]} 31. Bd1 {[%csl Rb3]} Kg8 (
31... Rb7 32. Qxf7+) 32. Rxb3) 31. Rh1 $1 c4 (31... Rh8 32. Rh6 $1) 32. Raa1 $1
{les blancs ont maintenant un net avantage d'espace et après l'échange du B en
e4, les noirs ne peuvent plus attaquer la faiblesse "a4"} Nb6 $2 {[%csl Rf6]
[%cal Gb6a4] ne défend plus la case "f6"} (32... Rh8 33. Rh6) 33. Be2 $1 {
[%cal Gf2f6]} Rg8 (33... Qd8 $4 {[%cal Gd8f6]} 34. Qf6+ Qxf6 35. gxf6+ Kg8 36.
Rh3 {[%cal Ga1h1]}) 34. Raf1 Qd8 35. Rh7+ {joué а tempo!} 1-0

[Event "Paris Apsap op 103rd"]
[Site "Paris"]
[Date "2008.08.11"]
[Round "4"]
[White "Shirazi, Kamran"]
[Black "Piankov, Evgenij"]
[Result "1-0"]
[WhiteElo "2440"]
[BlackElo "2337"]
[Annotator "Primel,D"]
[PlyCount "101"]
[EventDate "2008.08.06"]
[EventType "swiss"]
[EventRounds "9"]
[EventCountry "FRA"]
[SourceTitle "EXT 2010"]
[Source "ChessBase"]
[SourceDate "2010.11.25"]
[SourceVersion "1"]
[SourceVersionDate "2010.11.25"]
[SourceQuality "1"]

1. e4 {Opposition de style entre deux MI qui se connaissent bien avec d'un
coté la créativité de SHIRAZI et de l'autre le style solide et classique de
l'isséen} g6 2. h4 $5 {Une idée agressive du GMI VELIMIROVIC et souvent jouée
par SHIRAZI} (2. d4 Bg7 3. Nc3 c6 {Shirazi,K (2437)-Piankov,E (2378) La Fere
op 2nd 2003 (5) 0-1}) 2... h5 (2... d5 $142 $1 {La réaction classique au
centre а une attaque а l'aile} 3. exd5 Nf6 {Genocchio,D (2201)-Iordachescu,V 
(2594) Castellaneta op 4th 2000 (1) 0-1} (3... Qxd5 4. Nc3 Qa5)) (2... h6 {
Shirazi,K (2394)-Borzakian,M (2200) Paris-ch 2004 (1) 1/2}) 3. Nc3 (3. d4 Bg7)
3... Bg7 4. Bc4 c6 (4... e6 $143 $6 {Shirazi,K (2406)-Ruffenach,A (2066)
Nantes op 5th 2006 (3) 1-0}) 5. d4 d6 (5... d5 $1 {plus actif} 6. exd5 b5 7.
Be2 (7. Bb3 b4) 7... b4 8. Na4 cxd5 $132 {Frolov,A (2485)-Kruppa,Y (2485)
Kherson 1990 1/2}) 6. Be3 $146 (6. Nf3 {Shirazi,K (2402)-Goulenok,E (2188) St
Quentin op 4th 2001 (6.8) 1-0}) 6... Nf6 7. Bb3 d5 8. Qd3 Be6 9. Nge2 Nxe4 10.
Nxe4 dxe4 11. Qxe4 Bd5 12. Qd3 Bxb3 (12... Bxg2 13. Rg1 Bd5 14. Rxg6 $3) 13.
axb3 e6 14. Bg5 $14 {[%csl Rf6]} Bf6 15. Bxf6 Qxf6 16. Qg3 {[%csl Rc7]} Na6 17.
c3 O-O 18. Nf4 $6 (18. Ra5 $142 $1 $40 {[%csl Gc5][%cal Ga5h5,Gg3g8]} Kh7 19.
Rg5 {[%csl Rg6][%cal Ge2f4]} Rad8 20. Nf4 Nc7 $4 21. Nxh5) 18... Qf5 (18... e5
$142 $1 19. Nxh5 $2 Qh8 $1 $17 {[%csl Rh5][%cal Gh8d4,Gh8h5]}) 19. b4 e5 $11 {
Moins bon maintenant après avoir joué Qf5 car les noirs n'ont plus la défense
Qh8 pour faire face а la menace Nh5} 20. dxe5 Qxe5+ 21. Kf1 Rfe8 22. Kg1 $1 Nc7
$2 (22... c5) 23. Nxh5 $1 {[%csl Rc7][%cal Gh5g3,Gg3c7] gagne un P car le Nc7
n'est pas protégé} Qxh5 24. Qxc7 Re2 $2 (24... Qe2 $142) 25. Rh3 $1 Rae8 26.
Ra5 $1 {[%cal Gg1h2] un fort coup intermédaire pour forcer b7b5 qui affaiblit
la 7ème rangée.} b5 {[%csl Ra7,Rc6]} 27. Rxa7 {Un peu prématuré car les noirs
pouvaient forcer la nulle par répétition de coups} (27. Ra1 $142) 27... Qd5 $2
(27... R2e7 $1 28. Qxc6 Re1+ (28... Re6) 29. Kh2 Qe5+ 30. Rg3 Re4 31. Kg1 Re1+
32. Kh2 Re4 {[%csl Rh4][%cal Ge4h4]}) 28. Rd3 $3 $40 {[%cal Gc7f7]} Qb3 29. Rd7
(29. Qxc6) 29... Qc4 30. Rd4 Qe6 31. Rf4 {[%csl Rf7]} (31. Qf4 {[%cal Gd4d7]}
Re1+ 32. Kh2) 31... Rf8 32. Qd7 Qe5 33. Qd4 Qb8 34. Rd7 $6 (34. g3) 34... Re1+
35. Kh2 Rd1 36. Qxd1 Qxf4+ $132 37. Kg1 Qxh4 38. Qf3 Qg5 (38... Qc4 {[%cal
Gc4c6]}) 39. g3 c5 40. bxc5 Qxc5 41. Qd5 Qxd5 42. Rxd5 Rb8 43. b4 Rc8 44. Rc5
Rxc5 $2 45. bxc5 $18 Kf8 46. Kf1 Ke7 47. Ke2 Kd7 48. Ke3 Kc6 49. Kd4 f6 50. f3
f5 51. f4 1-0

[Event "Rohde op 10th"]
[Site "Sautron"]
[Date "2010.10.28"]
[Round "7"]
[White "Koziak, Vitali"]
[Black "Abbasov, Farid"]
[Result "1/2-1/2"]
[WhiteElo "2467"]
[BlackElo "2540"]
[Annotator "Primel,D"]
[PlyCount "58"]
[EventDate "2010.10.23"]
[EventType "swiss"]
[EventRounds "9"]
[EventCountry "FRA"]
[SourceTitle "EXT 2012"]
[Source "ChessBase"]
[SourceDate "2011.11.24"]
[SourceVersion "1"]
[SourceVersionDate "2011.11.24"]
[SourceQuality "1"]

1. e4 c5 2. c3 d5 (2... Nf6) 3. exd5 Qxd5 4. d4 (4. Nf3 g6 5. Na3 Bg7 6. Bc4
Qe4+ 7. Be2 (7. Qe2 $5 Qxe2+ 8. Kxe2 Nh6 9. Nb5 Na6 10. Re1 {[%cal Ge2f1]} Bg4
(10... O-O 11. Kf1 {[%csl Re7]} Nf5) 11. h3 Bxf3+ (11... Bd7) 12. Kxf3 $36 {
[%csl Gc1,Gc4,Gf3]}) 7... Nf6 8. O-O O-O (8... Nc6 {[%csl Gd4]}) 9. d4 Nc6 10.
dxc5 Qf5 11. Nd4 (11. Qb3 {[%csl Rb7]} Qxc5 12. Be3 Qh5 13. Rad1 $32) 11...
Qxc5 12. Nxc6 {Sveshnikov,E (2557)-Sax,G (2520) SLO-chT Celje 2003 (1) 1/2} (
12. Be3 Nd5)) 4... g6 $5 {Curieusement cette ligne est codifiée en moderne et
non pas en B22, l'intérêt pour le GMI est le fait qu'il joue également la
défense moderne mais intrinséquement cette variante est assez risquée pour les
Noirs.} 5. Nf3 (5. dxc5 $5 {La ligne critique} Qxc5 (5... Qxd1+ 6. Kxd1 Nf6 (
6... Nc6) 7. Bb5+ Bd7 8. Na3 (8. Bxd7+ Nbxd7 9. b4 (9. c6) 9... Bg7 10. Kc2 O-O
{Goreskul,A (2323)-Tsiganova,M (2211) EU-ch (Women) 6th 2005 (3) 1-0} (10... a5
$5)) 8... Bg7 9. Nf3 $14 {Stripunsky,A (2579)-Perelshteyn,E (2523) USA tt ICC
INT 2010 (3) 1/2}) 6. Be3 Qa5 (6... Qc7 7. Bxa7 {[%cal Gd1d4]} Rxa7 8. Qd4 Nc6
9. Qxh8 Nf6 $13 {[%csl Rh8]}) 7. Bc4 Bg7 8. Qb3 e6 {[%csl Rc8,Rf6]} 9. Na3 $32)
5... Bg7 6. Be3 (6. Na3 {[%cal Gf1c4]} cxd4 7. Bc4 Qe4+ 8. Be3 $36 {[%cal
Gc4f7,Gf3g5,Gg5e4,Gg5f7]} Nh6 (8... Nc6 $5 {Svechnikov} 9. cxd4 (9. Bxf7+ Kf8
10. cxd4 Nxd4 11. Bc4 Nxf3+ 12. gxf3 Qc6 13. Qd8+) 9... Nh6 10. O-O Bg4 11. Nb5
O-O $13)) 6... cxd4 7. cxd4 Qa5+ {Un échec intermédaire important pour forcer
Nc3 qui ferme la colonne "c" et pouvoir jouer le thématique Nh6 sans craindre
la double attaque Qc1} (7... Nh6 8. Qc1 {[%csl Rc8,Rh6][%cal Ge3h6,Gc1c8] le
plus étonnant avec ce piège connu est le fait que beaucoup de forts joueurs
dans cette position ont fait le coup "automatique" 8.Nc3 sans voir la double
attaque!}) 8. Nc3 Nh6 {[%csl Rd4][%cal Gh6f5,Gh6f7] Meilleur que le coup
naturel Nf6 car le Nh6 peut ensuite aller faire pression sur le centre par Nf5
et il défend la case sensible "f7"} (8... Nf6 $143 9. Bc4 $14) 9. Bb5+ (9. Bc4
{La ligne principale} O-O 10. O-O Nf5 11. Qb3 Nc6 12. Rad1 Nd6 13. Bd5 Qb4 14.
Qc2 Bf5 15. Qe2 Rac8 16. a3 Qa5 17. Ne5 Nxe5 18. dxe5 Bxe5 19. Bh6 Bf6 20. Bxf8
Kxf8 21. Rfe1 Rc7 22. g4 Bc8 23. Rd3 Kg7 24. b4 Qa6 25. Qd2 Bxg4 {Koziak,V 
(2475)-Rutkowski,M (2336)/Barlinek 2009/CBM 130 Extra/1/2-1/2 (32)}) (9. Qd2
$143 $6 {Ce coup naturel ne pose pas de problèmes aux noirs pour égaliser et
dans une vieille partie de l'open Rohde, j'avais annulé facilement.} Nf5 $132 {
[%cal Gf5d4,Gf5e3];Brunelliere,P (2294)-Primel,D (2129) Rohde op 02nd 2002 (8)
1/2}) 9... Bd7 10. Qb3 {[%csl Rb7]} Nf5 (10... Bxb5 11. Qxb5+ Qxb5 12. Nxb5 Na6
13. Rc1 O-O 14. Ke2 $14) 11. O-O $146 ({RR} 11. Rc1 Nd6 (11... O-O $142) 12.
Bxd7+ Nxd7 13. O-O Qb6 14. Qa4 Qc6 15. Qb3 Qb6 16. Qa4 Qc6 17. Qxc6 bxc6 18.
Na4 Rc8 19. Rc2 Nf5 20. Rfc1 Nb8 21. d5 Nxe3 22. fxe3 Kd7 23. Nc5+ Kc7 24. dxc6
Nxc6 25. Ne6+ fxe6 {Vlassov,N (2461)-Filipenko,A (2410)/FIDE.com 2001/EXT 2003/
1-0 (52)}) 11... Bxb5 12. Qxb5+ Qxb5 13. Nxb5 Na6 {[%csl Ra6][%cal Ga1c1]} 14.
Rac1 $14 Kd7 $1 15. Ne5+ Ke6 (15... Bxe5 16. dxe5 Nxe3 17. fxe3 Ke6 18. Nd4+ $1
{[%csl Re6]}) 16. Nc6 $6 {Gagne un P mais au détriment de l'activité du N qui
sera difficile а recycler} (16. Nc4 $5 {[%csl Rb7][%cal Gc4a5,Ga5b7]} Rhc8 17.
Na5 (17. a3)) 16... Kd7 $1 17. Ncxa7 {[%csl Ra7]} e6 18. Rc4 {[%csl Rc7][%cal
Gf1c1] Le Na7 est hors-jeu mais il empêche les Noirs de jouer Rc8} Ne7 19. Rfc1
Nd5 $44 20. Bd2 Bf6 21. a3 h5 22. g3 Rhb8 {[%csl Ra8,Rb8] Un coup bizarre et
c'est peut-être Rab8 qui a été joué} (22... h4 {plus naturel} 23. Kg2 hxg3 24.
hxg3 g5 {[%csl Rf3][%cal Gg5g4]} (24... Nb6 25. Rc7+ $1) (24... Rh5 $6 25. Nc8
$1 {[%cal Gc8d6]} Rh8 26. Ncd6) 25. Kf3 Rag8 {[%cal Gg5g4]} 26. b4 g4+ $132 27.
Ke2) (22... Rab8) 23. Ba5 Bg5 (23... h4) 24. Re1 Bf6 25. b3 Be7 26. Rec1 (26.
Rc2 Bxa3 27. Nxa3 Rxa7 28. Nc4 f6 (28... Nab4 29. Ne5+) 29. Nb6+ Nxb6 30. Bxb6
Raa8 $11) 26... Bg5 27. R1c2 Be7 28. Rc1 Bg5 29. R1c2 Be7 1/2-1/2

[Event "Cappelle op 32nd"]
[Site "Cappelle la Grande"]
[Date "2016.02.16"]
[Round "5"]
[White "Bauer, Christian"]
[Black "Burmakin, Vladimir"]
[Result "1-0"]
[WhiteElo "2631"]
[BlackElo "2556"]
[Annotator "Primel,D"]
[PlyCount "85"]
[EventDate "2016.02.13"]
[EventType "swiss"]
[EventRounds "9"]
[EventCountry "FRA"]
[SourceTitle "EXT 2017"]
[Source "ChessBase"]
[SourceDate "2016.10.25"]
[SourceVersion "1"]
[SourceVersionDate "2016.10.25"]
[SourceQuality "1"]
[TimeControl "40/5400+30:1800+30"]
[WhiteClock "1:30:00"]
[BlackClock "1:30:00"]

1. e4 c6 2. Ne2 g6 3. d4 Bg7 4. Nbc3 d6 5. Be3 (5. g3 b5 6. Bg2 Bb7 7. O-O a6
8. a4 b4 9. Na2 a5 10. c3 bxc3 11. Naxc3 Nd7 12. f4 Ngf6 13. e5 Nd5 14. exd6 e6
15. f5 gxf5 16. Nf4 Nxf4 17. Bxf4 Qb6 18. Be3 Nf6 19. Kh1 O-O 20. Ra3 Ba6 21.
Re1 Nd5 22. Rb3 Qa7 23. Nxd5 cxd5 24. g4 f4 25. Bxf4 Qxd4 26. Qxd4 Bxd4 27. Bg5
Bc4 28. Rb7 Rfb8 29. Rxb8+ Rxb8 30. d7 f6 31. Rxe6 Kf7 32. Rc6 Rd8 33. Bd2 Rxd7
34. Bxa5 Bxb2 {Di Nicolantonio,L (2414)-Burmakin,V (2585) Lille 2015 1/2-1/2 
(67)}) 5... Qb6 6. Rb1 Nd7 7. f4 $146 (7. g3 Ngf6 8. h3 Qc7 9. Bg2 O-O 10. O-O
e5 11. Qd2 Re8 12. Rbd1 b5 13. dxe5 dxe5 14. Qd6 Qxd6 15. Rxd6 Bb7 16. Rfd1 Nb6
17. Bg5 Nh5 18. g4 Nf4 19. Nxf4 exf4 20. R1d3 b4 21. Nd1 Be5 22. Rd8 f6 23.
Rxa8 Rxa8 24. Bh6 Ba6 25. Rd2 g5 26. h4 Kf7 27. h5 Rc8 28. b3 Rc7 29. Bf1 Bxf1
30. Kxf1 Rd7 31. Rxd7+ Nxd7 32. f3 Bd4 {0-1 (32) Stahl,C (1960)-Monsieux,C 
(2213) Calvi 2005}) 7... Ngf6 8. Qd2 Qc7 9. e5 Nd5 10. Nxd5 cxd5 11. Nc3 Nb6
12. Bd3 O-O 13. b3 f6 14. exd6 Qxd6 15. O-O f5 16. Kh1 Be6 17. Bf2 a6 18. Rfe1
Bf6 19. a4 Bf7 20. a5 Nc8 21. Re5 $1 Qd8 (21... Bxe5 {L'acceptation du
sacrifice parait trop dangereuse pour les Noirs} 22. fxe5 Qb4 23. Be3 e6 24.
Na4 $1 Qxd2 25. Bxd2 Ne7 26. Nb6 Rad8 27. Bg5 $44) 22. Rxd5 Bxd5 23. Nxd5 e6
24. Nxf6+ Qxf6 25. d5 $1 exd5 26. Be2 Ne7 27. c4 d4 28. Bf3 Nc6 $132 29. Bd5+
Kg7 30. b4 Rad8 {Terminant enfin le développement mais les Blancs gardent une
forte attaque} (30... Rfd8) 31. b5 $1 axb5 32. Rxb5 Kh6 33. Rxb7 Rb8 34. a6
Rxb7 35. axb7 Rb8 36. Qb2 Qd6 37. h3 d3 38. Kh2 d2 39. Qxd2 Rxb7 40. Bh4 Rb3
41. Bg5+ Kg7 42. Qe1 h6 43. Qe8 {[%mdl 512]} 1-0

[Event "Match/Nation FRA-BUL 31-41"]
[Site "St Maxime"]
[Date "1984.10.??"]
[Round "11"]
[White "Georgiev, Kiril"]
[Black "Haik, Aldo"]
[Result "1/2-1/2"]
[WhiteElo "2515"]
[BlackElo "2425"]
[Annotator "Primel,D"]
[PlyCount "84"]
[EventDate "1984.10.10"]
[EventType "team-schev"]
[EventRounds "12"]
[EventCountry "FRA"]
[SourceTitle "EXT 2018"]
[Source "ChessBase"]
[SourceDate "2017.10.13"]
[SourceVersion "1"]
[SourceVersionDate "2017.10.13"]
[SourceQuality "1"]
[WhiteTeam "Bulgaria"]
[BlackTeam "France"]
[WhiteTeamCountry "BUL"]
[BlackTeamCountry "FRA"]

1. d4 g6 2. e4 Bg7 3. Nc3 d6 4. Be3 Nd7 5. Qd2 a6 6. f3 b5 7. a4 b4 8. Nd1 Rb8
9. Nh3 $146 {L'ouverture du Champion du Monde junior n'est pas très
impressionnante} (9. a5 Ngf6 10. Ra4 c5 11. dxc5 dxc5 12. Bf4 Ra8 13. Bc4 O-O
14. g4 Bb7 15. Ne2 Qc8 16. Ng3 Rd8 17. Qe2 e6 18. h4 Nd5 19. Bg5 Qc7 20. Bxd8
Rxd8 21. exd5 exd5 22. Ne4 dxe4 23. fxe4 Qg3+ 24. Nf2 Bd4 25. c3 bxc3 26. bxc3
Bxf2+ 27. Qxf2 Qxc3+ 28. Qd2 Qxd2+ 29. Kxd2 Nb6+ 30. Bd5 Nxa4 31. Kc2 Bxd5 32.
exd5 Rxd5 33. Ra1 Rd4 34. Rb1 Rxg4 35. Rb8+ Kg7 36. Ra8 c4 37. Rxa6 Rg2+ 38.
Kc1 Nc5 {Letzelter,J (2240)-Nunn,J (2435) Haifa 1976 0-1}) 9... c5 10. Nhf2 Qc7
11. Be2 cxd4 12. Bxd4 Bxd4 13. Qxd4 Ngf6 14. Ne3 Qc5 15. Qd2 O-O 16. O-O Ne5
17. Kh1 a5 (17... Bb7) 18. Nd3 Qd4 (18... Qc7) 19. c3 bxc3 20. bxc3 Nc4 21.
Nxc4 Qxc4 22. Nf4 Qc5 23. Bb5 Qg5 24. Rfd1 Rb7 25. c4 Be6 26. Nxe6 Qxd2 27.
Rxd2 fxe6 28. e5 dxe5 29. Re2 e4 30. fxe4 Rc7 31. Kg1 Rd8 32. e5 Ng4 33. Rae1
Rc5 34. Re4 Nh6 35. Kf2 Nf7 36. h4 h5 37. R1e2 Kg7 38. Ke1 Rd3 39. Rd2 Rc3 40.
Rde2 Ra3 41. Kd2 Nh6 42. R4e3 Ra1 1/2-1/2

[Event "FRA-ch 55th"]
[Site "Puteaux"]
[Date "1980.08.25"]
[Round "5"]
[White "Roos, Daniel"]
[Black "Seret, Jean Luc"]
[Result "1/2-1/2"]
[WhiteElo "2380"]
[BlackElo "2340"]
[Annotator "Primel,D"]
[PlyCount "83"]
[EventDate "1980.08.20"]
[EventType "swiss"]
[EventRounds "11"]
[EventCountry "FRA"]
[SourceTitle "EXT 2014"]
[Source "ChessBase"]
[SourceDate "2013.11.20"]
[SourceVersion "1"]
[SourceVersionDate "2013.11.20"]
[SourceQuality "1"]

1. e4 g6 2. Nc3 Bg7 3. g3 d6 4. Bg2 Nf6 5. d3 O-O 6. Nge2 ({Pertinent:} 6. h3
e5 7. Nge2 c5 8. O-O Nc6 9. f4 exf4 10. Nxf4 Rb8 11. Be3 b5 12. Qd2 b4 13. Nd1
a5 14. Kh1 Be6 15. Ne2 Qc8 16. Kh2 Nd7 17. Bh6 Nde5 18. Bxg7 Kxg7 19. Ne3 f6
20. c3 bxc3 21. bxc3 Bg8 22. Nf4 a4 23. Nfd5 a3 24. Rab1 Bxd5 25. Nxd5 Rf7 26.
d4 Nd7 27. h4 Nf8 28. Bh3 Rxb1 29. Rxb1 Qe8 30. Qe3 Ne6 31. h5 cxd4 32. cxd4
Nexd4 33. h6+ Kg8 {1-0 (33) Panbukchian,V (2305)-Okhotnik,V (2451) Malakoff
2009}) 6... c6 7. h3 (7. O-O e5) 7... Nbd7 8. O-O b5 (8... e5) 9. a3 $146 (9.
f4 b4 10. Nb1 (10. Na4 {[%csl Ra4]}) 10... a5 11. Be3 Ba6 12. Nd2) 9... Rb8 10.
Be3 a5 11. f4 b4 $132 12. axb4 axb4 13. Na4 Ba6 14. Qd2 Qc8 15. g4 {[%cal
Gf4f5]} Ne8 16. f5 Ne5 17. b3 Nc7 18. Rae1 Bb5 19. Nb6 Qd8 20. Nc4 Bxc4 21.
dxc4 {[%cal Ge2d4]} c5 22. Rd1 Ra8 23. Qe1 Ra2 24. Rd2 Nd7 25. Qh4 Ne8 26. Nc1
Ra1 27. Rdf2 (27. Nd3 $5 Rxf1+ 28. Bxf1 Bc3 29. Rf2) 27... Ne5 28. Ne2 Rxf1+
29. Rxf1 Bf6 30. g5 Bh8 31. Nf4 Nc7 32. Nd5 Qd7 33. f6 {[%csl Rh8]} Nxd5 34.
exd5 Re8 35. Bc1 $1 {[%cal Gc1b2,Gb2e5]} Qd8 36. Bb2 exf6 37. gxf6 Nd7 38. Qf4
Ne5 39. Kh2 (39. Bxe5 $6 Rxe5 $132 {[%csl Rf6][%cal Ge5f5,Gf5f1]}) 39... Qa8
40. Rf2 Qd8 41. Bf1 Qa5 42. Bg2 1/2-1/2

[Event "FRA-ch59 Championat"]
[Site "Ales"]
[Date "1984.08.24"]
[Round "11"]
[White "Seret, Jean Luc"]
[Black "Manouck, Thierry"]
[Result "1-0"]
[WhiteElo "2390"]
[BlackElo "2340"]
[Annotator "Primel,D"]
[PlyCount "74"]
[EventDate "1984.08.12"]
[EventType "swiss"]
[EventRounds "13"]
[EventCountry "FRA"]
[SourceTitle "EXT 2004"]
[Source "ChessBase"]
[SourceDate "2003.11.25"]
[SourceVersion "1"]
[SourceVersionDate "2003.11.25"]
[SourceQuality "1"]

1. e4 g6 {Pas de surprise mais le duel théorique entre les deux adeptes de la
défense moderne sera intéressant а suivre} 2. d4 Bg7 3. Nc3 c6 4. f4 (4. Nf3 {
la ligne principale} d5 5. h3 $1 {empêchant Bg4 pour garder l'avantage
d'espace.}) 4... d6 (4... d5 {Plus courant et cette ligne donne un système
hybride entre la Caro-Kahn et la moderne.} 5. e5 h5 (5... Nh6) 6. Nf3 Nh6 {
[%cal Gh6f5]} 7. Be3 Bg4 8. Be2 e6 (8... Nf5) 9. Qd2 Nd7 10. g3 Nf5 11. Bf2 Bf8
$5 {[%cal Gc6c5]}) (4... Qb6 $5 {Popularisé par Hodgson et Norwood}) 5. Nf3 Bg4
6. Bc4 $5 {[%cal Gc4f7]} (6. Be3 {plus courant}) 6... Bxf3 {Comme le sacrifice
de P de la partie semble trés fort, il faut peut-être éviter l'échange qui
donne une avance de développement et l'initiative aux blancs.} (6... b5 $2 7.
Bxf7+ Kxf7 8. Ng5+ {[%cal Gg5f7,Gd1g4]}) (6... e6 $5 7. O-O Ne7 (7... Nd7 8.
Be3 (8. Bb3)) 8. Be3 {[%cal Gd1e1,Ge1h4]} d5 9. Bd3) 7. Qxf3 $1 {Le sacrifice
de P était connu depuis une partie jouée par Miles au championnat d'Europe
junior 1972} Bxd4 8. Ne2 Bg7 $6 $146 (8... Bb6 $142 9. f5 $36 {Martin Gonzalez,
A-Tatai,S Sant Feliu de Guixols 1974 1-0}) (8... Qb6 $5 9. Nxd4 Qxd4 10. Qb3 (
10. Bd3) 10... Qxe4+ 11. Kf2 Nf6 12. Bxf7+) 9. Qb3 $1 {[%cal Gb3b7,Gc4f7]
Suggéré par Cvetkovic qui a commenté la partie de Tatai dans l'informateur 18}
Nh6 10. Qxb7 O-O $1 11. Be3 (11. Qxa8 $2 Qb6 {[%csl Ra8][%cal Gb8d7,Gf8a8] Le
thème classique de l'enfermement de la Q adverse}) 11... Nd7 12. Rd1 (12. c3
Rb8 13. Qxc6 Rc8 14. Qb5 Rb8 15. Qa6 Rxb2 $132) 12... Ng4 13. Bg1 Rb8 14. Qxa7
Bxb2 15. c3 c5 $6 (15... Ngf6 16. e5 Nd5 $15) 16. a4 Ra8 17. Qb7 Rb8 18. Qc6 (
18. Qd5 Qa5) 18... Nge5 $6 (18... Ngf6) (18... Rb6) 19. fxe5 Nxe5 20. Qd5 e6 (
20... Qa5) 21. Qxe5 $1 {simplifie la position au profit des blancs} dxe5 22.
Rxd8 Rfxd8 23. Be3 Ra8 24. Bb5 c4 25. Bg5 {[%cal Gg5f6,Gf6e5]} Rd3 26. Bxc4
Bxc3+ 27. Nxc3 Rxc3 28. Bb5 f5 29. O-O $1 Kg7 (29... fxe4 30. Bd7 {[%cal Gd7e6]
}) 30. Rc1 Rxc1+ 31. Bxc1 Rc8 32. Be3 {[%csl Ga4] Le P passé blanc permet un
gain technique assez facile а réaliser car les noirs ne peuvent pas exploiter
la majorité centrale.} Rc3 33. Bb6 Rb3 34. Bc7 Kf6 35. Bd8+ Kf7 36. exf5 gxf5 (
36... exf5 $4 37. Bc4+) 37. Be2 {Le coup réellement joué par JL Seret qui m'a
envoyé sa partie au lieu de 37.Bf1 qui a été saisi а tort dans la base} e4 {
Perte au temps des noirs} 1-0